| 000 | 004660000a22001810004500 | ||
|---|---|---|---|
| 003 | MACL | ||
| 005 | 20160123151749.0 | ||
| 008 | 160123b xxu||||| |||| 00| 0 eng d | ||
| 040 |
_aMACL _cMACL |
||
| 041 | _aEnglish | ||
| 082 | _a540/SHA | ||
| 100 |
_aSharma, Dr B K _934246 |
||
| 245 | _aObjective Question bank in Chemistry | ||
| 260 |
_bKrishna Prakashan Media P Ltd _c2002 _aMeerut |
||
| 350 | _a500 | ||
| 650 |
_aChemistry _934374 |
||
| 942 |
_cBK _k540/SHA _2ddc |
||
| 999 |
_c33195 _d33195 |
||